Подробности
| 000 -МАРКЕР |
| контрольное поле |
00977nam0a2200253 4500 |
| 001 - ИДЕНТИФИКАТОР ЗАПИСИ |
| контрольное поле |
RU\NLR\BIBL_A\011549626 |
| 005 - ИДЕНТИФИКАТОР ВЕРСИИ |
| контрольное поле |
20260406131731.0 |
| 035 ## - ДРУГИЕ СИСТЕМНЫЕ НОМЕРА |
| Идентификатор записи |
(NLR Aleph) 011549626 |
| 100 ## - ДАННЫЕ ОБЩЕЙ ОБРАБОТКИ |
| Данные общей обработки |
20171207d1939 |||y0rusy50 ca |
| 101 0# - ЯЗЫК РЕСУРСА |
| Язык текста, звукозаписи и т.д. |
чувашский |
| 102 ## - СТРАНА ПУБЛИКАЦИИ ИЛИ ПРОИЗВОДСТВА |
| Страна публикации |
Российская Федерация |
| 105 ## - ПОЛЕ КОДИРОВАННЫХ ДАННЫХ: ТЕКСТОВЫЕ МАТЕРИАЛЫ, МОНОГРАФИЧЕСКИЕ |
| Кодированные данные о монографическом текстовом документе |
c z 000 y |
| 200 1# - ЗАГЛАВИЕ И СВЕДЕНИЯ ОБ ОТВЕТСТВЕННОСТИ |
| Основное заглавие |
ВКП(б) XVIII съездӗнче каланӑ сӑмах |
| Сведения, относящиеся к заглавию |
1939 ҫ. мартӑн 13-мӗшӗ |
| Первые сведения об ответственности |
Н. Хрущёв |
| 210 ## - ПУБЛИКАЦИЯ, РАСПРОСТРАНЕНИЕ И ДР. |
| Место издания, распространения и т.д. |
Шупашкар |
| Имя издателя, распространителя и т. д. |
ЧАССР гос. изд-ви |
| Дата издания, распространения и т.д. |
1939 |
| 215 ## - ФИЗИЧЕСКАЯ ХАРАКТЕРИСТИКА |
| Специфическое обозначение материала и объем |
11,[1] с. |
| Другие сведения о физической характеристике |
портр. |
| Размеры |
22 |
| 541 1# - ПЕРЕВОД ЗАГЛАВИЯ, СДЕЛАННЫЙ КАТАЛОГИЗАТОРОМ |
| Заглавие |
Речь на XVIII съезде ВКП(б) |
| Язык заглавия |
русский |
| 601 12 - НАИМЕНОВАНИЕ ОРГАНИЗАЦИИ КАК ПРЕДМЕТ |
| Начальный элемент ввода |
КПСС |
| Структурное подразделение организации |
Съезд |
| Порядковый номер временной организации и / или порядковый номер ее части |
18 |
| Место проведения временной организации |
Москва, город |
| Дата проведения временной организации |
1939 |
| Системный номер авторитетной/нормативной записи |
2414036 |
| Идентификатор авторитетной/нормативной записи |
RU\NLR\AUTH\6601657121 |
| 686 1# - ИНДЕКСЫ ДРУГИХ КЛАССИФИКАЦИЙ |
| Индекс |
Ф61(2)11 |
| 700 #1 - ИМЯ ЛИЦА - ПЕРВИЧНАЯ ОТВЕТСТВЕННОСТЬ |
| Код отношения |
Автор |
| Материалы, к которым относится поле |
rus |
| Графика поля |
Кириллица |
| Начальный элемент ввода |
Хрущев |
| Часть имени, кроме начального элемента ввода |
Н. С. |
| Даты |
1894-1971 |
| Расширение инициалов личного имени |
Никита Сергеевич |
| Идентификатор авторитетной/нормативной записи |
RU\NLR\AUTH\771599 |
| Системный номер авторитетной/нормативной записи |
111620 |
| 852 ## - МЕСТОНАХОЖДЕНИЕ И ШИФР ХРАНЕНИЯ |
| Идентификатор организации |
NLR |
| Наименование фонда или коллекции (Sub-Location Identifier) |
ОНЛ |
| Шифр хранения (Call Number) |
Чув./3-84 |
| 942 ## - ДОПОЛНИТЕЛЬНЫЕ ЭЛЕМЕНТЫ ЗАПИСИ (АБИС) |
| Тип экземпляра АБИС |
Книга |
| 980 ## - КОЛЛЕКЦИЯ |
| Название коллекции |
Национальная библиография |